Normal view
MARC view
- Berlin, Battle of, Berlin, Germany, 1945
Entry Topical Term
001 - CONTROL NUMBER
- control field: 49082
003 - CONTROL NUMBER IDENTIFIER
- control field: NUST
005 - DATE AND TIME OF LATEST TRANSACTION
- control field: 20210314134238.0
008 - FIXED-LENGTH DATA ELEMENTS
- fixed length control field: 210314|| aca||aabn | a|a d
040 ## - CATALOGING SOURCE
- Original cataloging agency: NUST
- Transcribing agency: NUST
150 ## - HEADING--TOPICAL TERM
- Topical term or geographic name entry element: Berlin, Battle of, Berlin, Germany, 1945
670 ## - SOURCE DATA FOUND
- Source citation: Work cat.: (NUST): Ryan, Cornelius. 46236, The last battle., 1966.
